Tabela Ekstraklasy według populacji miast klubów - Statystyki

Ogólne statystyki
  • Ten quiz został rozwiązany 98 razy
  • Średni wynik to 14 z 18
Statystyki odpowiedzi
Populacja Miejscowość % Poprawnych
1 792 718 Legia Warszawa
99%
532 048 Lech Poznań
93%
782 100 Cracovia
90%
470 633 Lechia Gdańsk
89%
296 401 Jagiellonia Białystok
87%
642 687 Śląsk Wrocław
87%
396 472 Pogoń Szczecin
84%
664 071 Widzew Łódź
80%
217 530 Raków Częstochowa
78%
532 048 Warta Poznań
74%
118 268 Wisła Płock
74%
170 924 Górnik Zabrze
73%
209 296 Radomiak Radom
73%
177 049 Piast Gliwice
72%
60 075 Stal Mielec
72%
71 710 Zagłębie Lubin
72%
192 498 Korona Kielce
71%
98 436 Miedź Legnica
69%
Nie znaleziono quizów pasujących do podanych kryteriów
Rozkład punktacji
Procent ludzi z każdym wynikiem
Percentyl według liczby udzielonych odpowiedzi
Twoja historia wyników
Nie rozwiązałeś tego quizu